| 000 | 00726nam a22001817a 4500 | ||
|---|---|---|---|
| 003 | OSt | ||
| 005 | 20240622091105.0 | ||
| 008 | 240622b ||||| |||| 00| 0 eng d | ||
| 040 | _cAIMIT LIBRARY | ||
| 100 |
_aUchil , Shwetha A. _e2116174 _9171335 |
||
| 245 |
_aWork engagement organisation based self esteem and its influence on meaningful work and job embeddedness : study with special reference to new mangalore port authority / _cBy Shwetha A Uchil ; Guided by Justine James. |
||
| 260 |
_aMangalore ; _c2023. |
||
| 650 |
_aProblem identification _9171336 |
||
| 650 |
_aData analysis and interpretation _9171337 |
||
| 700 |
_aJames, Justine. _eGuide _9171338 |
||
| 856 | _3New Mangalore Port Authority | ||
| 942 |
_2ddc _cPRO |
||
| 999 |
_c231273 _d231273 |
||